Nové slovenské filmy 2007-2008

Bibliographic Details
Main Author: Ulman, Miro, 1959- (Author)
Format: Article
Language:Slovak
PhysicalDescription:Fotogr.
ISSN:1335-8286
Subjects:

MARC

LEADER 00000nab a2200000 ar4500
001 vtls008938253
003 SK-MaSNL
005 20260303071250.0
008 070123c2007 xo mr|p|||||||000 b|slo
015 |a SNBRB2007/01  |2 snkbucl 
038 |a SNKBUCL 
040 |a SNKBUCL  |b slo  |c SNKBUCL  |e AACR2 
041 0 |a slo 
044 |a xo  |c SK 
080 |a 791.221/.228  |x (437.6)  |x "2007/2008"  |2 2001 
100 1 |a Ulman, Miro,  |d 1959-  |4 aut  |9 104055 
245 1 0 |a Nové slovenské filmy 2007-2008  |c Miro Ulman 
300 |b Fotogr. 
610 2 7 |a Nové slovenské filmy (projekt)  |2 snkbucl  |9 1046957 
648 7 |a 2007-2008  |2 snkbucl  |9 328506 
650 0 7 |a slovenský film  |2 snkbucl  |9 583953 
773 0 |t Film.sk  |g Roč. 8, č. 1 (2007), s. 24-27  |x 1335-8286 
852 |a SNK  |b KIS3GCP 
958 |a SK 
999 |c 1759080  |d 1761010